[Event "75th ch-ARM 1st League 2014"]
[Site "Yerevan ARM"]
[Date "2014.08.21"]
[Round "1.1"]
[White "Petrosian, Davit G."]
[Black "Torosyan, Norayr"]
[Result "1-0"]
[WhiteTitle "GM"]
[WhiteElo "2398"]
[BlackElo "2321"]
[WhiteFideId "13301349"]
[BlackFideId "13300431"]
[EventDate "2014.08.21"]

1. e4 c6 2. Nc3 d5 3. Qe2 d4 4. Nd1 e5 5. g3 Bd6 6. d3 Qc7 7. Bg2 Ne7 8. Nf3 O-O
9. O-O c5 10. Nd2 Be6 11. Nc4 Bxc4 12. dxc4 Nbc6 13. b3 Rae8 14. Nb2 Kh8 15. a3
Ng8 16. Nd3 f5 17. exf5 Rxf5 18. Bd2 Rff8 19. Be4 Nf6 20. Rae1 Nb8 21. f3 Nxe4
22. Qxe4 Nd7 23. Nf2 Nf6 24. Qd3 h6 25. Qg6 Qd7 26. Ne4 Re6 27. Kg2 b5 28. Nxd6
Qxd6 29. cxb5 a6 30. bxa6 Qxa6 31. Qd3 Qc6 32. Re2 Rfe8 33. Rfe1 e4 34. fxe4
Nxe4 35. Kg1 Nxd2 36. Rxe6 Rxe6 37. Rxe6 Qxe6 38. Qxd2 Qe4 39. a4 h5 40. h4 Qf3
41. Qd3 Qd5 42. a5 Qe5 43. a6 Qe1+ 44. Kg2 Qa5 45. Qe2 c4 46. Qxc4 Qd2+ 47. Kh3
Qd1 48. Qc8+ Kh7 49. Qf5+ Kh8 50. Qe4 Qf1+ 51. Kh2 Qxa6 52. Qe8+ Kh7 53. Qxh5+
Kg8 54. Qe8+ Kh7 55. Qe4+ Kh8 56. Kg2 Qa1 57. h5 Qd1 58. g4 d3 59. cxd3 Qxb3 60.
g5 Qb5 61. Qe3 Qf5 62. Qe8+ 1-0

[Event "75th ch-ARM 1st League 2014"]
[Site "Yerevan ARM"]
[Date "2014.08.21"]
[Round "1.2"]
[White "Vardanian, Haik G."]
[Black "Chibukhchian, Artur"]
[Result "0-1"]
[WhiteTitle "FM"]
[BlackTitle "GM"]
[WhiteElo "2314"]
[BlackElo "2430"]
[WhiteFideId "13303562"]
[BlackFideId "13300717"]
[EventDate "2014.08.21"]

1. c4 e5 2. Nc3 Nf6 3. Nf3 Nc6 4. a3 g6 5. b4 d6 6. d4 exd4 7. Nxd4 Bg7 8. e3
Bg4 9. Be2 Bxe2 10. Qxe2 Qd7 11. O-O O-O 12. Nxc6 bxc6 13. Rb1 Rfe8 14. Bd2 Re5
15. Qd3 Rae8 16. Rfd1 Qc8 17. Be1 a6 18. Ne2 Ng4 19. Nd4 c5 20. Nf3 Rh5 21. h3
Ne5 22. Nxe5 Rexe5 23. f4 Re8 24. Bf2 Qa8 25. b5 axb5 26. Rxb5 c6 27. Rb6 d5 28.
Rdb1 Bf8 29. Rb7 Rf5 30. Rd7 d4 31. Rbb7 Bg7 32. Kh2 h5 33. exd4 cxd4 34. Bxd4
Bxd4 35. Qxd4 Qxa3 36. Rd8 Rxd8 37. Qxd8+ Qf8 38. Qc7 Qh6 39. g3 h4 40. Qd8+ Kh7
41. Qxh4 Qxh4 42. gxh4 Rxf4 43. Kg3 Rf5 44. Rc7 c5 45. Re7 Kg7 46. Re8 Kf6 47.
Re4 Re5 48. Rf4+ Ke6 49. Kg4 f6 50. Kf3 f5 51. Kg3 Re3+ 52. Kg2 Re4 53. Rf1 Rxh4 0-1

[Event "75th ch-ARM 1st League 2014"]
[Site "Yerevan ARM"]
[Date "2014.08.21"]
[Round "1.3"]
[White "Hayrapetyan, Hovik"]
[Black "Poghosyan, Suren"]
[Result "1/2-1/2"]
[WhiteTitle "GM"]
[BlackTitle "FM"]
[WhiteElo "2438"]
[BlackElo "2284"]
[WhiteFideId "13302639"]
[BlackFideId "13303201"]
[EventDate "2014.08.21"]

1. d4 Nf6 2. Nf3 e6 3. e3 c5 4. c4 d5 5. Nc3 Nc6 6. a3 cxd4 7. exd4 dxc4 8. Bxc4
Be7 9. O-O O-O 10. Be3 b6 11. b4 Bb7 12. Qe2 Rc8 13. Rfd1 Nb8 14. Ne5 Nd5 15.
Nxd5 Bxd5 16. Bd3 Nd7 17. Ba6 Rc7 18. Rac1 Ba8 19. Nc4 Nb8 20. Ne5 Nxa6 21. Qxa6
Qd5 22. f3 Bd6 23. Rxc7 Bxc7 24. Qc4 Bxe5 25. Qxd5 Bxh2+ 26. Kxh2 Bxd5 27. Rc1
a6 28. Kg3 f6 29. Rc7 Ra8 30. Kf2 h5 31. Kg3 Kh7 32. Bf4 Rd8 33. Kf2 Kg6 34. Ke3
h4 35. Ra7 Rc8 36. Kd2 Bb3 37. Rc7 Rxc7 38. Bxc7 b5 39. Ke3 Kf5 40. Bd6 Bd5 41.
Bc7 g5 42. Bd8 Kg6 43. Kf2 f5 44. f4 gxf4 45. Bxh4 Kh5 46. Be7 Kg4 47. Bd6 Be4
48. Be5 f3 49. gxf3+ Bxf3 50. Ke3 Bd5 51. Bd6 Kh3 52. Kf2 Kg4 1/2-1/2

[Event "75th ch-ARM 1st League 2014"]
[Site "Yerevan ARM"]
[Date "2014.08.21"]
[Round "1.4"]
[White "Babujian, Levon"]
[Black "Harutjunyan, Gevorg"]
[Result "1/2-1/2"]
[WhiteTitle "GM"]
[BlackTitle "GM"]
[WhiteElo "2484"]
[BlackElo "2444"]
[WhiteFideId "13301993"]
[BlackFideId "13300873"]
[EventDate "2014.08.21"]

1. e4 c6 2. d4 d5 3. exd5 cxd5 4. c4 Nf6 5. Nc3 Nc6 6. Bg5 Ne4 7. Nxe4 dxe4 8.
d5 Ne5 9. Qd4 f6 10. Qxe4 Qb6 11. O-O-O Qxf2 12. Bf4 g6 13. Nh3 Qb6 14. Qe3 Bf5
15. Nf2 Nxc4 16. Bxc4 Rc8 17. Rd4 Qa6 18. Qc3 b5 19. Re1 bxc4 20. d6 e5 21. d7+
Bxd7 22. Bxe5 fxe5 23. Rxe5+ Kd8 24. Red5 Rc7 25. Rxd7+ Rxd7 26. Rxd7+ Kxd7 27.
Qxh8 Be7 28. Qd4+ Ke8 29. a3 c3 30. bxc3 Qf1+ 31. Kd2 Qxg2 32. h3 Bxa3 33. Ke2
Qc6 34. Qxa7 Qxc3 35. Qxh7 Qc2+ 36. Kf1 Qc1+ 37. Kg2 Qc6+ 38. Kf1 Qc1+ 39. Ke2
Qc4+ 40. Kf3 Qd5+ 1/2-1/2

[Event "75th ch-ARM 1st League 2014"]
[Site "Yerevan ARM"]
[Date "2014.08.21"]
[Round "1.5"]
[White "Harutyunian, Tigran K."]
[Black "Gabuzyan, Hovhannes"]
[Result "1/2-1/2"]
[WhiteTitle "IM"]
[BlackTitle "GM"]
[WhiteElo "2439"]
[BlackElo "2582"]
[WhiteFideId "13303635"]
[BlackFideId "13303732"]
[EventDate "2014.08.21"]

1. d4 Nf6 2. Nf3 d6 3. g3 Nbd7 4. Bg2 e5 5. c4 Be7 6. O-O O-O 7. Nc3 c6 8. e4 a6
9. Re1 b5 10. c5 dxc5 11. dxe5 Ne8 12. h4 Nc7 13. Nd5 Re8 14. Ne3 g6 15. Qc2 Ne6
16. Ng4 Qc7 17. b3 h5 18. Nh6+ Kf8 19. Nf5 Nxe5 20. Nxe5 Qxe5 21. Bb2 Nd4 22.
Nxd4 cxd4 23. Qxc6 Bg4 24. Rec1 Red8 25. f3 Rac8 26. Qb6 Bxf3 27. Bxf3 Qxg3+ 28.
Bg2 Qe3+ 29. Kh1 Rxc1+ 30. Rxc1 Qf2 31. Rf1 Qxh4+ 32. Kg1 Bd6 33. Rf3 Qe1+ 34.
Bf1 Qh4 35. Bg2 Qe1+ 1/2-1/2

[Event "75th ch-ARM 1st League 2014"]
[Site "Yerevan ARM"]
[Date "2014.08.21"]
[Round "1.6"]
[White "Mikaelyan, Arman"]
[Black "Shahinyan, David"]
[Result "1-0"]
[BlackTitle "FM"]
[WhiteElo "2327"]
[BlackElo "2383"]
[WhiteFideId "13304852"]
[BlackFideId "13304380"]
[EventDate "2014.08.21"]

1. d4 d5 2. c4 c6 3. Nc3 Nf6 4. e3 a6 5. Nf3 b5 6. b3 Bg4 7. h3 Bxf3 8. Qxf3 e5
9. dxe5 Bb4 10. Bd2 Bxc3 11. Bxc3 Ne4 12. Bb4 bxc4 13. Qg4 c5 14. f3 cxb4 15.
fxe4 O-O 16. exd5 cxb3 17. Qd4 Nd7 18. axb3 Qg5 19. Kf2 Nxe5 20. Qf4 Qe7 21.
Rxa6 Rxa6 22. Bxa6 Qd6 23. Bc4 Ra8 24. Rc1 Ra2+ 25. Kg1 g6 26. Rf1 Kg7 27. Kh1
f6 28. Qd4 Rc2 29. Bb5 Qc5 30. Qf4 Qxd5 31. Qxf6+ Kh6 32. Qf4+ Kh5 33. Rg1 g5
34. Qf6 Ng6 35. Qg7 g4 36. Qxh7+ Kg5 37. h4+ Nxh4 38. Qxc2 Qxb5 39. Rc1 1-0

[Event "75th ch-ARM 1st League 2014"]
[Site "Yerevan ARM"]
[Date "2014.08.21"]
[Round "1.7"]
[White "Alaverdyan, Gevorg"]
[Black "Martirosyan, Haik M."]
[Result "1/2-1/2"]
[WhiteTitle "FM"]
[BlackTitle "FM"]
[WhiteElo "2369"]
[BlackElo "2328"]
[WhiteFideId "13303058"]
[BlackFideId "13306553"]
[EventDate "2014.08.21"]

1. Nf3 Nf6 2. g3 b5 3. Bg2 Bb7 4. O-O e6 5. d3 c5 6. e4 d6 7. a4 b4 8. Re1 Be7
9. e5 dxe5 10. Nxe5 Bxg2 11. Kxg2 Qd5+ 12. Qf3 Nbd7 13. Nc4 O-O 14. Qxd5 Nxd5
15. a5 Rfc8 16. Nbd2 Rc6 17. Nb3 g5 18. f4 gxf4 19. Bxf4 f6 20. Be3 Kf7 21. Bf2
Rg8 22. Kf3 h5 23. h3 Rg5 24. Nbd2 Rf5+ 25. Kg2 Rg5 26. Ne4 Rg7 27. Kf3 e5 28.
g4 Nf4 29. Rh1 Nxh3 30. gxh5 Nxf2 31. Nxf2 f5 32. Rae1 Re6 33. Nd1 e4+ 34. dxe4
fxe4+ 35. Rxe4 Rxe4 36. Kxe4 Rg4+ 37. Kd5 Nf6+ 38. Kc6 Rxc4 39. h6 Kg6 40. Rg1+
Kxh6 41. Ne3 Rf4 42. b3 Bd8 43. a6 Ne4 44. Rg8 Bg5 1/2-1/2

[Event "75th ch-ARM 1st League 2014"]
[Site "Yerevan ARM"]
[Date "2014.08.22"]
[Round "2.1"]
[White "Torosyan, Norayr"]
[Black "Martirosyan, Haik M."]
[Result "1/2-1/2"]
[BlackTitle "FM"]
[WhiteElo "2321"]
[BlackElo "2328"]
[WhiteFideId "13300431"]
[BlackFideId "13306553"]
[EventDate "2014.08.21"]

1. e4 c5 2. Nf3 e6 3. d4 cxd4 4. Nxd4 a6 5. Bd3 Qc7 6. O-O Nf6 7. Qe2 d6 8. c4
g6 9. Nc3 Bg7 10. Nf3 Nc6 11. Rd1 O-O 12. h3 Nd7 13. Be3 Bxc3 14. bxc3 f6 15.
Rab1 b6 16. Nh2 Nc5 17. Bc2 Na5 18. Bh6 Rf7 19. Ng4 e5 20. Ne3 Be6 21. Rd2 Ncb7
22. Bd3 Nc5 23. Bc2 Ncb7 24. Bd3 Nc5 1/2-1/2

[Event "75th ch-ARM 1st League 2014"]
[Site "Yerevan ARM"]
[Date "2014.08.22"]
[Round "2.2"]
[White "Shahinyan, David"]
[Black "Alaverdyan, Gevorg"]
[Result "1-0"]
[WhiteTitle "FM"]
[BlackTitle "FM"]
[WhiteElo "2383"]
[BlackElo "2369"]
[WhiteFideId "13304380"]
[BlackFideId "13303058"]
[EventDate "2014.08.21"]

1. d4 Nf6 2. g3 d5 3. Nf3 g6 4. Bg2 Bg7 5. O-O O-O 6. c4 c6 7. cxd5 cxd5 8. Nc3
Nc6 9. Ne5 Bf5 10. Nxc6 bxc6 11. Na4 Nd7 12. b3 e5 13. dxe5 Nxe5 14. Bb2 Re8 15.
Rc1 Rc8 16. Qd2 h5 17. Bd4 Qe7 18. Bc5 Qd7 19. Rfd1 Kh7 20. Qa5 Bh6 21. Rc3 Ng4
22. e3 Rc7 23. Bd4 Ne5 24. f4 Bg4 25. Rf1 f6 26. Bxd5 Nf7 27. Rfc1 c5 28. Rxc5
Rxc5 29. Rxc5 Qf5 30. Qc7 Re7 31. Qxe7 Qb1+ 32. Kf2 1-0

[Event "75th ch-ARM 1st League 2014"]
[Site "Yerevan ARM"]
[Date "2014.08.22"]
[Round "2.3"]
[White "Gabuzyan, Hovhannes"]
[Black "Mikaelyan, Arman"]
[Result "1/2-1/2"]
[WhiteTitle "GM"]
[WhiteElo "2582"]
[BlackElo "2327"]
[WhiteFideId "13303732"]
[BlackFideId "13304852"]
[EventDate "2014.08.21"]

1. g3 Nf6 2. Bg2 d5 3. Nf3 g6 4. c4 c6 5. b3 Bg7 6. Bb2 O-O 7. O-O Nbd7 8. Nc3
e5 9. cxd5 Nxd5 10. Rc1 Nxc3 11. Bxc3 Re8 12. d3 Nb6 13. Nd2 Nd5 14. Bb2 h5 15.
Nc4 Nb6 16. b4 Nxc4 17. dxc4 Qe7 18. b5 e4 19. Bxg7 Kxg7 20. Qd4+ Qe5 21. Rfd1
Bg4 22. f3 Qxd4+ 23. Rxd4 exf3 24. exf3 Be6 25. f4 cxb5 26. cxb5 Rac8 27. Rxc8
Rxc8 28. Bxb7 1/2-1/2

[Event "75th ch-ARM 1st League 2014"]
[Site "Yerevan ARM"]
[Date "2014.08.22"]
[Round "2.4"]
[White "Harutjunyan, Gevorg"]
[Black "Harutyunian, Tigran K."]
[Result "0-1"]
[WhiteTitle "GM"]
[BlackTitle "IM"]
[WhiteElo "2444"]
[BlackElo "2439"]
[WhiteFideId "13300873"]
[BlackFideId "13303635"]
[EventDate "2014.08.21"]

1. e4 e5 2. Nf3 Nc6 3. Bc4 Bc5 4. b4 Bxb4 5. c3 Be7 6. d4 Na5 7. Be2 d6 8. Qa4+
c6 9. dxe5 dxe5 10. Nxe5 Nf6 11. O-O Qc7 12. f4 O-O 13. Nd2 Bd6 14. Ndf3 b5 15.
Qc2 Be6 16. Be3 Rfe8 17. Kh1 Rad8 18. Rae1 h6 19. Bd3 Nh5 20. Qf2 f6 21. Ng6
Nxf4 22. Nxf4 Bxf4 23. Bxf4 Qxf4 24. Qxa7 Rxd3 25. Qxa5 Bc4 26. Qb6 Qd6 27. Qa5
Qc5 28. Nd4 Qh5 29. Nxc6 Rd7 30. Rg1 Qc5 31. Nd4 Ra7 32. Qb4 Qxb4 33. cxb4 Rxa2
34. Re3 Rb2 35. Nf5 Kh7 36. Rd1 Rxb4 37. h3 Be6 38. Nd6 Rd8 39. Nf5 0-1

[Event "75th ch-ARM 1st League 2014"]
[Site "Yerevan ARM"]
[Date "2014.08.22"]
[Round "2.5"]
[White "Poghosyan, Suren"]
[Black "Babujian, Levon"]
[Result "0-1"]
[WhiteTitle "FM"]
[BlackTitle "GM"]
[WhiteElo "2284"]
[BlackElo "2484"]
[WhiteFideId "13303201"]
[BlackFideId "13301993"]
[EventDate "2014.08.21"]

1. d4 Nf6 2. c4 e6 3. Nc3 Bb4 4. e3 O-O 5. Ne2 d5 6. a3 Bd6 7. cxd5 exd5 8. g3
c6 9. Bg2 Bf5 10. O-O Re8 11. f3 Bg6 12. Nf4 Nbd7 13. Nxg6 hxg6 14. b4 a5 15.
Rb1 axb4 16. axb4 Qe7 17. Qb3 Bc7 18. Na4 b5 19. Nb2 Qd6 20. Bd2 Nb6 21. Ra1 Nc4
22. Nxc4 dxc4 23. Qb2 Nd5 24. Rxa8 Rxa8 25. e4 Nb6 26. Bf4 Qe7 27. Bxc7 Qxc7 28.
f4 Na4 29. Qf2 Qd7 30. h4 Nc3 31. d5 cxd5 32. exd5 Ra2 33. Qf3 Ne2+ 34. Kh2 Nd4
35. Qe4 Nf5 36. Re1 Qa7 37. Re2 Rxe2 38. Qxe2 Qe3 39. Qxe3 Nxe3 40. d6 Kf8 0-1

[Event "75th ch-ARM 1st League 2014"]
[Site "Yerevan ARM"]
[Date "2014.08.22"]
[Round "2.6"]
[White "Chibukhchian, Artur"]
[Black "Hayrapetyan, Hovik"]
[Result "1-0"]
[WhiteTitle "GM"]
[BlackTitle "GM"]
[WhiteElo "2430"]
[BlackElo "2438"]
[WhiteFideId "13300717"]
[BlackFideId "13302639"]
[EventDate "2014.08.21"]

1. d4 d5 2. c4 c6 3. Nf3 e6 4. e3 Bd6 5. b3 f5 6. Bd3 Nf6 7. O-O Qe7 8. Bb2 O-O
9. Nc3 Ne4 10. Ne2 Nd7 11. Ne5 Nxe5 12. dxe5 Bc5 13. Qc2 b6 14. Nd4 Bb7 15. f3
Ng5 16. cxd5 cxd5 17. a3 a5 18. Qe2 g6 19. Kh1 Rac8 20. Nc2 Qd7 21. b4 axb4 22.
axb4 Be7 23. Qd2 Nf7 24. f4 Ra8 25. Nd4 Rxa1 26. Rxa1 Ra8 27. Rxa8+ Bxa8 28. Bb5
Qc8 29. Qc3 Qxc3 30. Bxc3 Nd8 31. Kg1 Kf7 32. Kf2 Bb7 33. Ke2 h6 34. Kd2 Bf8 35.
g3 g5 36. Kc2 g4 37. Kb3 Ke7 38. Ka4 Bc8 39. Nc2 Bd7 40. Bd4 1-0

[Event "75th ch-ARM 1st League 2014"]
[Site "Yerevan ARM"]
[Date "2014.08.22"]
[Round "2.7"]
[White "Petrosian, Davit G."]
[Black "Vardanian, Haik G."]
[Result "1/2-1/2"]
[WhiteTitle "GM"]
[BlackTitle "FM"]
[WhiteElo "2398"]
[BlackElo "2314"]
[WhiteFideId "13301349"]
[BlackFideId "13303562"]
[EventDate "2014.08.21"]

1. e4 c5 2. Nf3 e6 3. Nc3 a6 4. d4 cxd4 5. Nxd4 Qc7 6. Qf3 Nf6 7. Bg5 Qe5 8. Be3
Bb4 9. O-O-O Nc6 10. Na4 Qa5 11. Nxc6 bxc6 12. Nb6 Rb8 13. Qg3 Qxa2 14. c3 Rxb6
15. Bxb6 Qa1+ 16. Kc2 Qa4+ 17. Kc1 Qa1+ 18. Kc2 1/2-1/2

[Event "75th ch-ARM 1st League 2014"]
[Site "Yerevan ARM"]
[Date "2014.08.23"]
[Round "3.1"]
[White "Vardanian, Haik G."]
[Black "Torosyan, Norayr"]
[Result "0-1"]
[WhiteTitle "FM"]
[WhiteElo "2314"]
[BlackElo "2321"]
[WhiteFideId "13303562"]
[BlackFideId "13300431"]
[EventDate "2014.08.21"]

1. e4 c6 2. Nc3 d5 3. Nf3 Bg4 4. h3 Bxf3 5. Qxf3 e6 6. Be2 Nd7 7. O-O d4 8. Nb1
Bd6 9. d3 Ngf6 10. Bd1 O-O 11. Nd2 b5 12. Qe2 Qc7 13. c3 c5 14. Nf3 e5 15. Nh4
g6 16. cxd4 cxd4 17. Qf3 Kh8 18. Bb3 Ng8 19. Bg5 f6 20. Bd2 Nc5 21. Bd5 Rab8 22.
Rac1 Qe7 23. g3 Qd7 24. b4 Na6 25. a3 Nc7 26. Bb3 Qxh3 27. Rc6 Rbd8 28. Rfc1 Ne8
29. Ra6 Rc8 30. Rxc8 Qxc8 31. Rxa7 Nc7 32. Bd5 Kg7 33. Qd1 Ne7 34. Qb3 Kh8 35.
Bh6 Rd8 36. Bf7 g5 37. Bh5 Qe6 38. Qxe6 Nxe6 39. Nf5 Nxf5 40. exf5 Nc7 41. Kg2
Rb8 42. Kf3 Kg8 43. Ke4 Rb6 44. Bd1 Kf7 45. Bb3+ Ke7 46. Bd5 Kd8 47. Bg8 Kc8 48.
Bxh7 Kb8 49. Ra5 Rc6 50. Bg7 Be7 51. a4 Rc2 52. axb5 g4 53. Bh6 Re2+ 54. Be3
dxe3 55. fxe3 Bxb4 56. Ra4 Bd2 0-1

[Event "75th ch-ARM 1st League 2014"]
[Site "Yerevan ARM"]
[Date "2014.08.23"]
[Round "3.2"]
[White "Hayrapetyan, Hovik"]
[Black "Petrosian, Davit G."]
[Result "1/2-1/2"]
[WhiteTitle "GM"]
[BlackTitle "GM"]
[WhiteElo "2438"]
[BlackElo "2398"]
[WhiteFideId "13302639"]
[BlackFideId "13301349"]
[EventDate "2014.08.21"]

1. d4 Nf6 2. Nf3 g6 3. g3 Bg7 4. Bg2 O-O 5. O-O d6 6. c4 c5 7. Nc3 Nc6 8. d5 Na5
9. Nd2 a6 10. Qc2 Rb8 11. b3 b5 12. Rb1 h5 13. Bb2 Bf5 14. e4 Bd7 15. Nd1 e5 16.
dxe6 Bxe6 17. Ne3 Nc6 18. Bc3 Ng4 19. Bxg7 Nxe3 20. Qc3 Nxf1 21. Bxf8 Qxf8 22.
Bxf1 Qg7 23. Qxg7+ Kxg7 24. f4 Kf8 25. Kf2 Ke7 1/2-1/2

[Event "75th ch-ARM 1st League 2014"]
[Site "Yerevan ARM"]
[Date "2014.08.23"]
[Round "3.3"]
[White "Babujian, Levon"]
[Black "Chibukhchian, Artur"]
[Result "1/2-1/2"]
[WhiteTitle "GM"]
[BlackTitle "GM"]
[WhiteElo "2484"]
[BlackElo "2430"]
[WhiteFideId "13301993"]
[BlackFideId "13300717"]
[EventDate "2014.08.21"]

1. e4 c6 2. d4 d5 3. exd5 cxd5 4. c4 Nf6 5. Nc3 Nc6 6. Nf3 Bg4 7. cxd5 Nxd5 8.
Qb3 Bxf3 9. gxf3 e6 10. Qxb7 Nxd4 11. Bb5+ Nxb5 12. Qc6+ Ke7 13. Qxb5 Qd7 14.
Nxd5+ Qxd5 15. Qe2 f6 16. O-O Kf7 17. Rd1 Qb7 18. f4 Rc8 19. Re1 Qb6 20. b4 Be7
21. f5 e5 22. a3 Rhd8 23. Be3 Qb7 24. Rac1 g6 25. Rxc8 Rxc8 26. fxg6+ hxg6 27.
Rd1 Kg7 28. h3 Rc7 29. Qd3 Qc8 30. Kh2 g5 31. Qe2 a6 32. Qg4 Qxg4 33. hxg4 Rc3
34. Rd7 Kf8 35. Bd2 Rxa3 36. b5 Bc5 37. b6 Rb3 38. b7 Ke8 39. Rh7 Be7 40. Rh8+
Bf8 41. Rh7 Be7 42. Rh8+ Bf8 43. Rh7 1/2-1/2

[Event "75th ch-ARM 1st League 2014"]
[Site "Yerevan ARM"]
[Date "2014.08.23"]
[Round "3.4"]
[White "Harutyunian, Tigran K."]
[Black "Poghosyan, Suren"]
[Result "1-0"]
[WhiteTitle "IM"]
[BlackTitle "FM"]
[WhiteElo "2439"]
[BlackElo "2284"]
[WhiteFideId "13303635"]
[BlackFideId "13303201"]
[EventDate "2014.08.21"]

1. Nf3 Nf6 2. c4 e6 3. Nc3 d5 4. d4 dxc4 5. e4 Bb4 6. Bxc4 Nxe4 7. O-O Nxc3 8.
bxc3 Be7 9. Ne5 O-O 10. Qg4 Nc6 11. Re1 Bf6 12. Rb1 Ne7 13. Ba3 g6 14. Qf3 Bg7
15. Ba6 f6 16. Nd3 Re8 17. Bxb7 Bxb7 18. Qxb7 Nd5 19. Qc6 Qc8 20. Nc5 Nf4 21.
Bc1 e5 22. Bxf4 exf4 23. Ne6 Rb8 24. Nxf4 Bf8 25. Rbd1 Rxe1+ 26. Rxe1 Qf5 27. g3
Rb1 28. Rxb1 Qxb1+ 29. Kg2 Qxa2 30. Nd5 Bd6 31. Nxf6+ Kf7 32. Ne4 Qa5 33. Qd7+
Be7 34. d5 h6 35. c4 Qa6 36. c5 Qc4 37. Qe6+ Kf8 38. Qe5 Bxc5 39. Qf6+ Ke8 40.
Qc6+ 1-0

[Event "75th ch-ARM 1st League 2014"]
[Site "Yerevan ARM"]
[Date "2014.08.23"]
[Round "3.5"]
[White "Mikaelyan, Arman"]
[Black "Harutjunyan, Gevorg"]
[Result "1/2-1/2"]
[BlackTitle "GM"]
[WhiteElo "2327"]
[BlackElo "2444"]
[WhiteFideId "13304852"]
[BlackFideId "13300873"]
[EventDate "2014.08.21"]

1. d4 Nf6 2. Nf3 g6 3. g3 Bg7 4. Bg2 O-O 5. O-O d6 6. c4 Nbd7 7. Nc3 e5 8. e4
exd4 9. Nxd4 Re8 10. h3 a6 11. Be3 Rb8 12. Rc1 c5 13. Nde2 b5 14. cxb5 axb5 15.
Qxd6 Bf8 16. Qd3 Qa5 17. Bf4 b4 18. Bxb8 Nxb8 19. Nd5 Nxd5 20. Qxd5 Be6 21. Qd2
Rd8 22. Qc2 Qxa2 23. Nf4 Bb3 24. Qe2 Nc6 25. Nd5 Nd4 26. Qd2 Qa6 27. Ra1 Qd6 28.
Ra7 Bg7 29. Kh1 h6 30. h4 Nb5 31. Rb7 Nc7 32. Qf4 Qxf4 33. Nxf4 Ne8 34. Rc1 Nd6
35. Rc7 c4 36. Re1 Bxb2 37. e5 Bc3 38. Re2 Nb5 39. Rb7 Nd4 40. Re3 Bd2 41. Bd5
c3 42. Bxb3 Nxb3 43. e6 fxe6 44. Rxe6 Bxf4 45. gxf4 c2 46. Rxg6+ Kf8 47. Rf6+
Kg8 48. Rg6+ 1/2-1/2

[Event "75th ch-ARM 1st League 2014"]
[Site "Yerevan ARM"]
[Date "2014.08.23"]
[Round "3.6"]
[White "Alaverdyan, Gevorg"]
[Black "Gabuzyan, Hovhannes"]
[Result "0-1"]
[WhiteTitle "FM"]
[BlackTitle "GM"]
[WhiteElo "2369"]
[BlackElo "2582"]
[WhiteFideId "13303058"]
[BlackFideId "13303732"]
[EventDate "2014.08.21"]

1. Nf3 Nf6 2. g3 d5 3. Bg2 c6 4. O-O Bf5 5. d3 e6 6. Nbd2 h6 7. Qe1 Bc5 8. e4
Bh7 9. Qe2 O-O 10. b3 a5 11. a4 Na6 12. Bb2 Nb4 13. Ne1 Re8 14. e5 Nd7 15. Kh1
Ba7 16. f4 Qb6 17. Ndf3 c5 18. c3 Nc6 19. Nd2 Rad8 20. g4 Qa6 21. Nb1 Qb6 22.
Na3 f6 23. exf6 Nxf6 24. g5 hxg5 25. fxg5 Nd7 26. Nb5 Bb8 27. Qh5 Nde5 28. d4
cxd4 29. cxd4 Bg6 30. Qe2 Nf7 31. Nf3 e5 32. dxe5 Ncxe5 33. Bd4 Qe6 34. Nxe5
Nxe5 35. Rad1 Nd3 36. Qxe6+ Rxe6 37. Nc3 Nf4 38. Rfe1 Bc2 39. Rxe6 Nxe6 40. Rd2
Bxb3 41. Bb6 Bc7 42. Bxc7 Nxc7 43. Rb2 d4 44. Nb5 Nxb5 45. Rxb3 Nc3 46. Bxb7
Nxa4 47. Rb5 Nc3 48. Rxa5 d3 49. Bf3 d2 50. g6 d1=Q+ 51. Bxd1 Rxd1+ 52. Kg2 Kf8
53. Ra7 Nd5 54. Rf7+ Kg8 55. h4 Re1 56. h5 Re7 57. Rf2 Re5 58. Ra2 Nc7 59. Ra7
Ne6 60. h6 gxh6 61. Rh7 Rg5+ 62. Kh3 Nf4+ 63. Kh2 Rg2+ 64. Kh1 Rxg6 65. Ra7 Rg7
66. Ra6 Kh7 67. Kh2 h5 68. Rf6 Rg2+ 69. Kh1 Rf2 70. Ra6 Ng6 71. Ra5 Kh6 72. Rb5
Nh4 73. Ra5 Kg6 74. Ra8 Nf5 75. Rg8+ Kf6 76. Kg1 Ra2 77. Kh1 Ke5 78. Rb8 h4 79.
Kg1 Nd4 80. Rh8 Kf4 81. Rg8 Nf3+ 82. Kf1 Nh2+ 83. Kg1 Ng4 84. Rb8 h3 85. Rb4+
Kg3 86. Rb3+ Kh4 0-1

[Event "75th ch-ARM 1st League 2014"]
[Site "Yerevan ARM"]
[Date "2014.08.23"]
[Round "3.7"]
[White "Martirosyan, Haik M."]
[Black "Shahinyan, David"]
[Result "1-0"]
[WhiteTitle "FM"]
[BlackTitle "FM"]
[WhiteElo "2328"]
[BlackElo "2383"]
[WhiteFideId "13306553"]
[BlackFideId "13304380"]
[EventDate "2014.08.21"]

1. d4 e6 2. c4 f5 3. Nf3 Nf6 4. g3 d5 5. Bg2 c6 6. O-O Bd6 7. Bf4 O-O 8. Bxd6
Qxd6 9. Nbd2 Nbd7 10. c5 Qe7 11. b4 e5 12. Nxe5 Nxe5 13. dxe5 Qxe5 14. Nf3 Qe7
15. Nd4 Bd7 16. Qc2 Rae8 17. e3 Ng4 18. b5 g5 19. bxc6 bxc6 20. Rab1 Qf6 21. Rb7
Re7 22. Qa4 f4 23. exf4 gxf4 24. Nf3 fxg3 25. hxg3 Qh6 26. Rxd7 Re4 27. Qxa7
Rxf3 28. Rxh7 Qxh7 29. Qxh7+ Kxh7 30. Bxf3 Rc4 31. Re1 Nf6 32. Re6 Kg6 33. Rxc6
Kf5 34. Rc8 Ke5 35. c6 Kd6 36. Kf1 Ke5 37. c7 d4 38. Ke2 Rc2+ 39. Kd1 Rc3 40. a4 1-0

[Event "75th ch-ARM 1st League 2014"]
[Site "Yerevan ARM"]
[Date "2014.08.24"]
[Round "4.1"]
[White "Vardanian, Haik G."]
[Black "Hayrapetyan, Hovik"]
[Result "1-0"]
[WhiteTitle "FM"]
[BlackTitle "GM"]
[WhiteElo "2314"]
[BlackElo "2438"]
[WhiteFideId "13303562"]
[BlackFideId "13302639"]
[EventDate "2014.08.21"]

1. e4 c5 2. Nf3 e6 3. b3 b6 4. d4 cxd4 5. Bb2 Bb7 6. Nbd2 d6 7. Nxd4 Nf6 8. Bb5+
Nbd7 9. Qe2 a6 10. Bxd7+ Qxd7 11. O-O-O Qc7 12. Kb1 Be7 13. g4 d5 14. e5 Ne4 15.
Qe3 Bb4 16. Nxe4 dxe4 17. Ne2 Rc8 18. c4 Bc5 19. Bd4 Bxd4 20. Rxd4 Qxe5 21. f4
Qc5 22. Nc3 O-O 23. Nxe4 Bxe4+ 24. Rxe4 Qxe3 25. Rxe3 Rfd8 26. Kc2 h5 27. h3 Rd4
28. Rf1 hxg4 29. hxg4 Kh7 30. Kc3 Rcd8 31. f5 exf5 32. gxf5 R4d6 33. b4 Rh6 34.
Rff3 Rh4 35. Rh3 Rd4 36. Rxh4+ Rxh4 37. Re7 Rh3+ 38. Kd4 Rh4+ 39. Kd5 Rf4 40.
Rxf7 Kg8 41. Ra7 a5 42. bxa5 Rxf5+ 43. Kd6 Rf6+ 44. Ke5 bxa5 45. Rxa5 Rf2 46. c5
Kf8 47. Kd6 Rd2+ 48. Kc7 Ke7 49. c6 Rc2 50. a4 Rc4 51. Re5+ Kf6 52. Rb5 g5 53.
Kb7 Rxa4 54. c7 Rc4 55. Rb6+ Ke5 56. Rc6 Rb4+ 57. Ka6 Ra4+ 58. Kb5 Ra8 59. c8=Q
Rxc8 60. Rxc8 g4 61. Kc4 1-0